Capitales se terminant par la lettre A - Statistiques

Statistiques générales
  • Ce quiz a été pris 805 fois
    335 depuis la dernière actualisation
  • Le résultat moyen est 29 sur 44
Statistiques - réponses
Réponse % Correct
Brasilia
88%
Ottawa
88%
Canberra
87%
Bogota
84%
Riga
84%
Panama
83%
Lima
82%
Bratislava
79%
Tirana
76%
Guatemala
75%
Pristina
75%
Sofia
75%
Ankara
73%
Ljubljana
73%
Dacca
70%
Addis-Abeba
69%
Luanda
69%
Podgorica
69%
Accra
68%
Doha
68%
Astana
66%
Asmara
65%
Kinshasa
65%
Manama
65%
Abuja
64%
Suva
64%
Pretoria
63%
Dodoma
62%
Managua
62%
Praia
62%
Sanaa
61%
Apia
60%
Kampala
59%
Lusaka
59%
Djouba
56%
N’Djamena
56%
Monrovia
55%
Tegucigalpa
55%
Victoria
55%
Gitega
52%
Port-Vila
48%
Honiara
47%
Nuku’alofa
32%
Nusantara
18%
Aucun quiz correspondant
Distribution des résultats
% des personnes avec chaque résultat
Percentile par nombre de réponses
Votre historique - résultats
Vous n’avez pas pris ce quiz depuis la dernière actualisation